000 004360000a22001810004500
999 _c48434
_d48434
001 1263
003 CO-MdFUSB
005 20181102155626.0
008 181102b xxu||||| |||| 00| 0 eng d
020 _a978-0-230-01548-7
040 _cCO-MdBIC
082 0 4 _a813C M95p
100 1 _aMurphy, Jill
245 1 0 _aPeace at last / Jill Murphy
260 _aUSA : Macmillan Children's Books
300 _a30 Pag. / 30 cm.
942 _cLGB